Roma, centro del poder / (Record no. 33742)

MARC details
000 -LEADER
campo de control de longitud fija 00747nam a2200217 i 4500
001 - NÚMERO DE CONTROL
campo de control 33742
003 - IDENTIFICADOR DE NÚMERO DE CONTROL
campo de control ES-MaACL
005 - FECHA Y HORA DE LA ÚLTIMA TRANSACCIÓN
campo de control 20250812050901.0
007 - CAMPO FIJO DE DESCRIPCIÓN FÍSICA--INFORMACIÓN GENERAL
campo de control de longitud fija t|
008 - DATOS DE LONGITUD FIJA--INFORMACIÓN GENERAL
campo de control de longitud fija 030203s1969 sp ||||1| spa d
100 1# - ENTRADA PRINCIPAL--NOMBRE DE PERSONA
Nombre de persona Bianchi Bandinelli, Ranuccio.
9 (RLIN) 28747
245 10 - MENCIÓN DEL TÍTULO
Título Roma, centro del poder /
Mención de responsabilidad, etc. Ranuccio Bianchi Bandinelli ; traducción de Concepción Hernando Martín.
260 ## - PUBLICACIÓN, DISTRIBUCIÓN, ETC.
Lugar de publicación, distribución, etc. Madrid :
Nombre del editor, distribuidor, etc. Aguilar,
Fecha de publicación, distribución, etc. [1969]
300 ## - DESCRIPCIÓN FÍSICA
Extensión XII, 437 p., 34 lám. :
Otras características físicas 1 map. pleg., 5 plan. ;
Dimensiones 28 cm.
490 1# - MENCIÓN DE SERIE
Mención de serie El universo de las formas
650 07 - PUNTO DE ACCESO ADICIONAL DE MATERIA--TÉRMINO DE MATERIA
Término de materia o nombre geográfico como elemento de entrada Arte romano
Fuente del encabezamiento o término embne
9 (RLIN) 10314
700 1# - ENTRADA AGREGADA--NOMBRE PERSONAL
Nombre de persona Hernando Martín, Concepción.
9 (RLIN) 63111
830 0# - PUNTO DE ACCESO ADICIONAL DE SERIE-TÍTULO UNIFORME
Título uniforme El universo de las formas
9 (RLIN) 181490
852 ## - LOCALIZACIÓN
Ubicación ES-MaACL
Número de control de estantería E-6952
Sublocalización o colección R.51282
Holdings
Estatus retirado Estado de pérdida Estado de daño No para préstamo Biblioteca de origen Biblioteca actual Ubicación en estantería Fecha de adquisición Fuente de adquisición Total de préstamos Signatura topográfica completa Código de barras Visto por última vez Precio de reemplazo Tipo de ítem Koha
        Biblioteca del Ateneo de Madrid Biblioteca del Ateneo de Madrid Depósito 2 17/01/2008     E-6952 1035119 23/02/2023 23/02/2023 Libro impreso